Online
Catalog

El 18 de octubre de 1945 : (Record no. 5520)

MARC details
000 -CABECERA
campo de control de longitud fija 01229cam a2200301 a 4500
001 - NÚMERO DE CONTROL
campo de control 000005724
003 - IDENTIFICADOR DEL NÚMERO DE CONTROL
campo de control DO-SdBNP
005 - FECHA Y HORA DE LA ÚLTIMA TRANSACCIÓN
campo de control 20251028140649.0
008 - DATOS DE LONGITUD FIJA--INFORMACIÓN GENERAL
campo de control de longitud fija 801105s1979 sp ac 001 0 spa
020 ## - NÚMERO INTERNACIONAL ESTÁNDAR DEL LIBRO
Número Internacional Estándar del Libro 843229537X
020 ## - NÚMERO INTERNACIONAL ESTÁNDAR DEL LIBRO
Número Internacional Estándar del Libro 8432295361 (pbk.)
040 ## - FUENTE DE LA CATALOGACIÓN
Centro catalogador/agencia de origen DO-SdBNP
Lengua de catalogación spa
Centro/agencia transcriptor DLC
Centro/agencia modificador BNPHU
082 #4 - NÚMERO DE LA CLASIFICACIÓN DECIMAL DEWEY
Número de clasificación 987.0632
Número de documento/Ítem B562d
Número de edición 22
100 1# - ENTRADA PRINCIPAL--NOMBRE DE PERSONA
Nombre de persona Betancourt, Rómulo,
Forma completa/desarrollada del nombre Rómulo Antonio Betancourt Bello
Fechas asociadas al nombre 1908-1981.
9 (RLIN) 16180
245 10 - MENCIÓN DE TÍTULO
Título El 18 de octubre de 1945 :
Resto del título génesis y realizaciones de una revolución democrática /
Mención de responsabilidad, etc. Rómulo Betancourt ; introducción de Simón Alberto Consalvi ; prólogo y notas de Diógenes de La Rosa.
260 ## - PUBLICACIÓN, DISTRIBUCIÓN, ETC.
Lugar de publicación, distribución, etc. Barcelona, España :
Nombre del editor, distribuidor, etc. Editorial Seix Barral,
Fecha de publicación, distribución, etc. 1979.
300 ## - DESCRIPCIÓN FÍSICA
Extensión 412 p. :
Otras características físicas il., retrs. ;
Dimensiones 21 cm.
490 1# - MENCIÓN DE SERIE
Mención de serie Obras selectas
Designación de volumen o secuencia 4
651 #0 - PUNTO DE ACCESO ADICIONAL DE MATERIA--NOMBRE GEOGRÁFICO
Nombre geográfico Venezuela
Subdivisión general Historia
Subdivisión cronológica Revolución, 1945.
9 (RLIN) 26230
651 #0 - PUNTO DE ACCESO ADICIONAL DE MATERIA--NOMBRE GEOGRÁFICO
Nombre geográfico Venezuela
Subdivisión general Política y gobierno
Subdivisión cronológica 1945-1958
9 (RLIN) 26230
651 #0 - PUNTO DE ACCESO ADICIONAL DE MATERIA--NOMBRE GEOGRÁFICO
Nombre geográfico Venezuela
Subdivisión general Historia
Subdivisión cronológica Siglo XX
9 (RLIN) 26230
651 #0 - PUNTO DE ACCESO ADICIONAL DE MATERIA--NOMBRE GEOGRÁFICO
Nombre geográfico Venezuela
Subdivisión general Historia
Subdivisión cronológica 1945-58
9 (RLIN) 26230
700 1# - PUNTO DE ACCESO ADICIONAL--NOMBRE DE PERSONA
Nombre de persona Consalvi, Simón Alberto
Término indicativo de función/relación intr.
9 (RLIN) 16184
700 1# - PUNTO DE ACCESO ADICIONAL--NOMBRE DE PERSONA
Nombre de persona Rosa, Diógenes de la
Término indicativo de función/relación pról.
9 (RLIN) 16185
830 #0 - PUNTO DE ACCESO ADICIONAL DE SERIE-TÍTULO UNIFORME
Título uniforme Obras selectas ;
Designación de volumen o secuencia 4.
9 (RLIN) 16186
910 ## - DATOS DE OPCIÓN DEL USUARIO (OCLC)
Datos de opción del usuario Catalogación derivada / LC
942 ## - ELEMENTOS DE PUNTO DE ACCESO ADICIONAL (KOHA)
Fuente del sistema de clasificación o colocación Dewey Decimal Classification
Tipo de ítem Koha Libro
Holdings
Estado de retiro Estado de pérdida Restricciones de uso No para préstamo Código de colección Localización permanente Ubicación/localización actual Ubicación en estantería Fecha de adquisición Número de inventario Total de préstamos Signatura topográfica completa Código de barras Fecha visto por última vez Número de copia Precio válido a partir de Tipo de ítem Koha
    Préstamo restringido Préstamo restrigido Monografías: Libros y Folletos General General En catalogación 21.08.2009 LF1   987.0632 B562d 5724-10 25.06.2020 e.2 25.06.2020 Préstamo en sala
    Préstamo restringido Préstamo restrigido Monografías: Libros y Folletos General General En catalogación 31.08.2009 LF1   987.0632 B562d 5724-20 25.06.2020 e.2 25.06.2020 Préstamo interno

Powered by Koha